01478cam a22004094i 4500003000900000005001700009008004100026020001500067035002700082040003300109082002000142100002700162245003300189264005300222300005500275336002100330337002500351338002300376490002900399504003900428505028400467526000900751526000900760526000900769526000900778526000900787526000900796526000800805526000800813526000800821526000800829526000800837526000800845651002700853651010500880651008300985PE-LiUPU20250731184610.0150616s1995 xxua r 000 0 eng d a0806127651 a(Sirsi) i9780806127651 aPE-LiUPUbspacPE-LiUPUerda04a935.09bS162211 aSaggs, H.W.F.,eautor.10aBabylonians /cH.W.F. Saggs. 1aOklahoma :bUniversity of Oklahoma Press,c1995. a192 páginas :bilustraciones ;c25 centímetros atext2rdacontent aunmediated2rdamedia avolume2rdacarrier0 aPeoples of the past ;v1 aBibliografía: páginas 176-179.0 aThe rediscovery of Babylonia -- Prehistoric beginnings -- Early cities -- Agade, the first empire -- The third dynasty of Ur -- The old Babylonian period -- Kassite kings -- Aramaean and other migrations -- The aramaic language and ancient libraries -- The neo-babylonian empire. aP136 aP135 aP134 aP133 aP144 aP143 aP87 aP35 aP20 aP14 aP10 aP06 4aMesopotamiaxHistoria. 4aMedia luna fértil (región)y3er milenio antes de Cristo. AD - 1er milenio antes de Cristo. J.-C. 4aBabiloniay2do milenio antes de Cristo AD - 1er milenio antes de Cristo. J.-C.